LEADER 01259nam0-22004091i-450- 001 990005493160203316 005 20010829120000.0 035 $a000549316 035 $aUSA01000549316 035 $a(ALEPH)000549316USA01 035 $a000549316 100 $a20010829d2000-------|0enac50------ba 101 $aeng 102 $aGB 105 $a|||| ||||| 200 1 $aSustainable Development$ethe Challenge of Transition$fEdited by Jurgen Schandt and C. H.Ward whith the assistence of Marilu Hastings 210 $aCambridge$cUniversity Press$d2000 215 $a223 p.$d23 cm. 606 $aPolitica ambientale$2FI 606 $aSviluppo sostenibile$2FI 620 $dCambridge 676 $a338.9$cSviluppo economico$v21 702 1$aSCHMANDT,$bJurgen 702 1$aWARD,$bCalvin Herbert 702 1$aHASTINGS,$bMarilu 712 $aCambridge University Press 801 $aIT$bSOL$c20120104 912 $a990005493160203316 950 $aDIP.TO SCIENZE ECONOMICHE - (SA)$dDS 300 338.9 SCH$e9186 DISES 951 $a300 338.9 SCH$b9186 DISES 959 $aBK 969 $aDISES 979 $c20121027$lUSA01$h1532 979 $c20121027$lUSA01$h1613 996 $aSustainable Development$9453864 997 $aUNISA NUM $aUSA9955 LEADER 01158nam--2200349---450 001 990002148960203316 005 20200504094817.0 010 $a88-8319-123-4 035 $a000214896 035 $aUSA01000214896 035 $a(ALEPH)000214896USA01 035 $a000214896 100 $a20041108d1997----km-y0itay0103----ba 101 0 $aita 102 $aIT 105 $aa---||||001yy 200 1 $a...<> pò per non morire$eEttore Petrolini a sessant'anni dalla scomparsa$fa cura di Roberto Alemanno e Angelo Lombardi$gscritti di Roberto Alemanno ... [et al.] 210 $aRoma$cBulzoni$d1997 215 $a104 p.$cill.$d21 cm 300 $aAtti di un convegno tenuto a Rende nel 1996 300 $aIn testa al frontespizio: Università degli studi della Calabria, Centro radiotelevisivo e di informazione 600 1$aPetrolini,$bEttore 676 $a792.028092 702 1$aALEMANNO,$bRoberto 702 $aLOMBARDI,$bAngelo 801 0$aIT$bsalbc$gISBD 912 $a990002148960203316 951 $aXVII A. 1933$b2041 DLAS$cXVII A.$d00349702 959 $aBK 969 $aCAS 996 $aPò per non morire$91387693 997 $aUNISA LEADER 05560nam 22007455 450 001 9910766885503321 005 20240702114103.0 010 $a9789819981045 010 $a9819981042 024 7 $a10.1007/978-981-99-8104-5 035 $a(MiAaPQ)EBC30970254 035 $a(Au-PeEL)EBL30970254 035 $a(DE-He213)978-981-99-8104-5 035 $a(CKB)29038780200041 035 $a(OCoLC)1411217862 035 $a(EXLCZ)9929038780200041 100 $a20231124d2024 u| 0 101 0 $aeng 135 $aurcnu|||||||| 181 $ctxt$2rdacontent 182 $cc$2rdamedia 183 $acr$2rdacarrier 200 10$aBlockchain and Trustworthy Systems $e5th International Conference, BlockSys 2023, Haikou, China, August 8?10, 2023, Proceedings, Part II /$fedited by Jiachi Chen, Bin Wen, Ting Chen 205 $a1st ed. 2024. 210 1$aSingapore :$cSpringer Nature Singapore :$cImprint: Springer,$d2024. 215 $a1 online resource (366 pages) 225 1 $aCommunications in Computer and Information Science,$x1865-0937 ;$v1897 311 08$aPrint version: Chen, Jiachi Blockchain and Trustworthy Systems Singapore : Springer,c2024 327 $a AI for Blockchain -- A General Smart Contract Vulnerability Detection Framework with Self-Attention Graph Pooling -- The Best of Both Worlds: Integrating Semantic Features with Expert Features for Smart Contract Vulnerability Detection -- A LSTM and GRU-based hybrid model in the Cryptocurrency price prediction -- Smart Contract Code Clone Detection Based on Pre-Training Techniques -- MF-Net: Encrypted Malicious Traffic Detection Based on MultiFlow Temporal Features -- Blockchain Applications -- When Supply Chain Security Meets Blockchain: Applications and Challenges -- ePoW: Energy-efficient Blockchain Consensus Algorithm for Decentralize Federated Learning System in Resource constrained Drone Swarm -- Applications of Consortium Blockchain in Power Grid Security: A Systematic Review -- Blockchain and OR based data sharing solution for Internet of Things -- Rearranging Inv Message in the Bitcoin to Construct Covert Channels -- Long-term Blockchain Transactions Spanning Multiplicity of Smart Contract Methods -- Market Derivative Risks and Regulation of Virtual Currency Trading Using "PaoFen" Platforms -- Research on Regulation Oriented Decentralized Oracle Machine -- Obric: Oblivious Keyword Search in Hyperledger Fabric Platform -- Blockchain Architecture and Optimization -- A distributed, penetrative and all-dimensional supervision architecture for consortium blockchain -- SC-Chain: a multi-modal collaborative storage system for medical resource -- Congestion Control with Receiver-aided Network Status Awareness in RDMA Transmission -- VPBFT: Improved PBFT consensus algorithm based on VRF and PageRank algorithm -- Consensusless Blockchain: A Promising High-Performance Blockchain without Consensus -- Protocols and Consensus -- Ouroboros Taktikos: Regularizing Proof-of-Stake via Dynamic Difficulty -- Petrichor: An Efficient Consensus Protocol Leveraging DAG and Sharding for Asynchronous BFT -- A Kind of Optimization Method for Committee and Reward Mechanism -- MagpieBFT: An Efficient Asynchronous BFT Protocol for Blockchain -- A Hierarchical Blockchain Framework with Selectable Consensus Scope for Data Sharing in Internet of Vehicles -- An Improved PBFT Consensus Algorithm for Supply Chain Finance. . 330 $aThe two-volume set CCIS 1896 and 1897 constitutes the refereed post-conference proceedings of the 5th International Conference on Blockchain and Trustworthy Systems, BlockSys 2023, which took place in Haikou, China during August 8?10, 2023. The 45 revised full papers presented in these proceedings were carefully reviewed and selected from 93 submissions. The papers are organized in the following topical sections: Part I: Anomaly detection on blockchain; edge intelligence and metaverse services; blockchain system security; empirical study and surveys; federated learning for blockchain. Part II: AI for blockchain; blockchain applications; blockchain architecture and optimization; protocols and consensus. 410 0$aCommunications in Computer and Information Science,$x1865-0937 ;$v1897 606 $aData protection$xLaw and legislation 606 $aArtificial intelligence 606 $aData structures (Computer science) 606 $aInformation theory 606 $aOperating systems (Computers) 606 $aComputers, Special purpose 606 $aPrivacy 606 $aArtificial Intelligence 606 $aData Structures and Information Theory 606 $aOperating Systems 606 $aSpecial Purpose and Application-Based Systems 615 0$aData protection$xLaw and legislation. 615 0$aArtificial intelligence. 615 0$aData structures (Computer science) 615 0$aInformation theory. 615 0$aOperating systems (Computers) 615 0$aComputers, Special purpose. 615 14$aPrivacy. 615 24$aArtificial Intelligence. 615 24$aData Structures and Information Theory. 615 24$aOperating Systems. 615 24$aSpecial Purpose and Application-Based Systems. 676 $a005.8 676 $a323.448 700 $aChen$b Jiachi$01449849 701 $aWen$b Bin$01449850 701 $aChen$b Ting$01449851 801 0$bMiAaPQ 801 1$bMiAaPQ 801 2$bMiAaPQ 906 $aBOOK 912 $a9910766885503321 996 $aBlockchain and Trustworthy Systems$93648601 997 $aUNINA